Microbiology: An introduction (Record no. 394044)

MARC details
000 -LEADER
fixed length control field 00657 a2200265 4500
005 - DATE & TIME
control field 20260210111258.0
008 - FIXED-LENGTH DATA ELEMENTS--GENERAL INFORMATION
fixed length control field 260206b |||||||| |||| 00| 0 eng d
020 ## - ISBN
International Standard Book Number 9781292737423
Price £ 64.99
040 ## - CATALOGING SOURCE
Original cataloging agency VIVEKANANDA LIBRARY
082 ## - DDC NUMBER
Classification number 576
Book Number T638M(14)
100 ## - MAIN ENTRY--PERSONAL NAME
Personal name Tortora, Gerard J
245 ## - TITLE STATEMENT
Title Microbiology: An introduction
250 ## - EDITION STATEMENT
Edition statement 14th
260 ## - PUBLICATION, DISTRIBUTION, ETC. (IMPRINT)
Name of publisher, distributor, etc Pearson
Date of publication, distribution, etc 2025
Place of publication, distribution, etc Harlow
300 ## - PHYSICAL DESCRIPTION
Pages v.
650 ## - Subject
Subject Microbiology
650 ## - Subject
Subject Biology
650 ## - Subject
Subject Microbial Mechanisms
650 ## - Subject
Subject Immnology
700 ## - Added Entry Personal Name
Added Entry Personal Name Case, Christine L
700 ## - Added Entry Personal Name
Added Entry Personal Name Bair III, Warner B
700 ## - Added Entry Personal Name
Added Entry Personal Name Weber, Derek
700 ## - Added Entry Personal Name
Added Entry Personal Name Funke, Berdell R
942 ## - ADDED ENTRY ELEMENTS (KOHA)
Koha item type Books
Holdings
Withdrawn status Lost status Source of classification or shelving scheme Damaged status Not for loan Location (home branch) Sublocation or collection (holding branch) Shelving location Date acquired Koha issues (times borrowed) Koha full call number Accession No. Koha date last seen Koha item type
    Dewey Decimal Classification     VIVEKANANDA LIBRARY VIVEKANANDA LIBRARY Vivekananda Library 22/01/2026 2 576 T638M(14) 444381 13/04/2026 Books
© Designed and Maintained by Vivekananda Library, MDU Rohtak